000 00945nam a22001937a 4500
999 _c58643
_d58643
003 Ge_BSU
005 20220621125532.0
008 220621s2021 ge ||||| |||| 00| 0 geo d
020 _a 9789941837371
041 _ageo
080 _a1(37/38) გ-48
100 _aგიგინეიშვილი, ლევან
_9311
245 _aსაუბრები ანტიკურ ფილოსოფიაზე /
_c ლევან გიგინეიშვილი ; რედაქტორი დაჩი ფაჩულია ; დიზაინი ბესიკ დანელია.
264 _aთბილისი :
_bაზროვნების აკადემიის გამომცემლობა,
_c2021.
300 _a240 გვ. ;
_b20 სმ.
653 _aფილოსოფია
700 _aდანელია, ბესიკ
_eდიზაინერი
_94424
942 _2udc
_cBK